• 首页
  • 本馆介绍
  • 公告通知
  • 最新文献
  • 馆藏检索
  • 电子资源
  • 读者导购
  • 参考咨询
  • 我的图书馆
  • 登录
  • 详细信息显示
  • 放入我的书架
  • 预约/预借图书
  • 作者相关作品
  • 分类相关作品
  • 丛书相关作品
  • 出版社相关作品

书目信息

  • 表格格式
  • 工作单格式
  • 卡片格式
题名:
中国速度
    
 
作者: 王雄 著
分册:  
出版信息: 北京   外文出版社有限责任公司  2017
页数: 326页
开本: 23cm
丛书名:
单 册:
中图分类: I253.3 , F532.3
科图分类:
主题词: 报告文学--中国--当代 , 高速铁路--铁路运输发展--成就--中国
电子资源:
ISBN: 978-7-119-10431-7
000 01115nam0 2200277 450
001 012001000060
005 20140920091301.0
010    @a978-7-119-10431-7@b精装@dCNY100.00
100    @a20170802e2017 em y0chiy50 ea
101 0  @achi
102    @aCN@b110000
105    @aab z 000zy
106    @ar
200 1  @a中国速度@9Zhong Guo Su Du@e中国高速铁路发展纪实@f王雄著
210    @a北京@c外文出版社有限责任公司@d2017
215    @a326页@c彩照,地图@d23cm
300    @a2016年主题出版重点出版物 中国作家协会重点扶持作品 长篇报告文学
330    @a本书作者以详实的史料、丰富的人物访谈和大量鲜为人知的素材,描绘出了中国高铁的发展轨迹,记述了中国高铁发展的复杂性、曲折性,印证了社会主义制度能够集中力量办大事的优越性,彰显了中国人的聪明才智,展示了中国高铁助力中国发展的丰硕成果和灿烂前景。
517 1  @a中国高速铁路发展纪实@9Zhong Guo Gao Su Tie Lu Fa Zhan Ji Shi
606 0  @a报告文学@y中国@z当代
606 0  @a高速铁路@x铁路运输发展@x成就@y中国
690    @aI253.3@v5
690    @aF532.3@v5
701  0 @a王雄@9Wang Xiong@4著
801  0 @aCN@b上海新华@c20180901
905    @b1040290-93@dI253.3@e1036@f4
    
    中国速度:中国高速铁路发展纪实/王雄著.-北京:外文出版社有限责任公司,2017
    326页:彩照,地图;23cm
    2016年主题出版重点出版物 中国作家协会重点扶持作品 长篇报告文学
    
    ISBN 978-7-119-10431-7(精装):CNY100.00
    本书作者以详实的史料、丰富的人物访谈和大量鲜为人知的素材,描绘出了中国高铁的发展轨迹,记述了中国高铁发展的复杂性、曲折性,印证了社会主义制度能够集中力量办大事的优越性,彰显了中国人的聪明才智,展示了中国高铁助力中国发展的丰硕成果和灿烂前景。
●
相关链接 在E读中查询图书 在五车中查询图书 在当当中查询图书 在豆瓣中查询图书


正题名:中国速度     索取号:I253.3/1036         预约/预借

序号 登录号 条形码 馆藏地/架位号 状态 备注
1 1040290   210402900   第一样本阅览室/ [索取号:I253.3/1036] 在馆    
2 1040291   210402919   第二借阅区/ [索取号:I253.3/1036] 在馆    
3 1040292   210402928   密集书库-文学院/ [索取号:I253.3/1036] 在馆    
4 1040293   210402937   第二借阅区/ [索取号:I253.3/1036] 在馆    
唐山师范学院图书馆 欢迎您!
大连网信软件有限公司© 版权所有